National seminar on secularism, pluralism and future of india democracy/ (Record no. 188763)

MARC details
000 -LEADER
fixed length control field 00610nam a22001697a 4500
005 - DATE AND TIME OF LATEST TRANSACTION
control field 20220602154711.0
010 ## - LCCN (DPL NO)
LC control number ENG-132962
020 ## - INTERNATIONAL STANDARD BOOK NUMBER
Terms of availability 100.00
035 ## - SYSTEM CONTROL NUMBER
System control number EN-116494
037 ## - SOURCE OF ACQUISITION
Source of stock number/acquisition DBAD/PUB
082 ## - DEWEY DECIMAL CLASSIFICATION NUMBER
Classification number 321.8095
245 ## - TITLE STATEMENT
Title National seminar on secularism, pluralism and future of india democracy/
Statement of responsibility, etc Neelam Rajasekhara Reddy Birth Centenary Committee
260 ## - PUBLICATION, DISTRIBUTION, ETC. (IMPRINT)
Place of publication, distribution, etc Vijayawada
Name of publisher, distributor, etc Visalaandhra Publishing House
Date of publication, distribution, etc 2018
270 ## - ADDRESS
Address 33-22-2, Chandram buildings chuttugunta
City Vijayawada
Postal code 520004
Electronic mail address vphpublish@gmail.com
300 ## - PHYSICAL DESCRIPTION
Extent 143p.
Dimensions 21cm(hbk)
942 ## - ADDED ENTRY ELEMENTS (KOHA)
Source of classification or shelving scheme Dewey Decimal Classification
Item type English Books
Classification part 321.80954
Call number suffix NAT
Holdings
Withdrawn status Lost status Not for loan Collection code Home library Current library Date acquired Source of acquisition Cost, normal purchase price Full call number Barcode Copy number Cost, replacement price Koha item type
      Non-fiction Ashok Vihar Ashok Vihar 02/06/2022 DBAD/PUB 100.00 321.80954 NAT EN-116494 1 100.00 English Books

© Delhi Public Library
Hit Counter
free hit counter